Comments on relativized minimality

Bibliographic Details
Published in:Current issues in comparative grammar, ed. by Robert Freidin, Dordrecht [etc.], 1996, p. 203-225 (Studies in natural language and linguistic theory)
Main Author: Browning, M.A.
Content type: Article
Source:MPIPL_cat

MARC

LEADER 00000naa a2200000 u 4500
001 PL0072734
003 PLI01000000000000000070752
005 00000000000000.0
008 ||| u
100 1 |a Browning, M.A. 
245 0 0 |a Comments on relativized minimality  |c M.A. Browning 
773 0 8 |t Current issues in comparative grammar  |a ed. by Robert Freidin  |d Dordrecht [etc.], 1996  |g p. 203-225  |k Studies in natural language and linguistic theory  |w MPIPL_cat.PL0067362  |z 0-7923-3778-6  |i In: 
952 |j 1996  |h p. 203-225 
996 |a Aufsatz 
997 |a book chapter